[Event "Malaga op 13th"]
[Site "Malaga"]
[Date "2010.02.23"]
[Round "5"]
[White "Girela Sarrion, Manuel"]
[Black "Yanez Acin, Gonzalo"]
[Result "1-0"]
[WhiteElo "1571"]
[BlackElo "1910"]
[PlyCount "87"]
[EventDate "2010.02.20"]
[EventType "swiss"]
[EventRounds "9"]
[EventCountry "ESP"]
[SourceTitle "CBM 135 Extra"]
[Source "ChessBase"]
[SourceDate "2010.05.04"]
[SourceVersion "1"]
[SourceVersionDate "2010.05.04"]
[SourceQuality "1"]

1. e4 Nf6 2. e5 Nd5 3. c4 Nb6 4. d4 d6 5. exd6 exd6 6. Nf3 Be7 7. Be3 Bg4 8. Nbd2 Nc6 9. a3 a5 10. Qc2 Bh5 11. Bd3 Bg6 12. Bxg6 hxg6 13. d5 Ne5 14. Nxe5 dxe5 15. Bxb6 cxb6 16. 0-0 Bc5 17. Ne4 Qh4 18. h3 0-0 19. Nxc5 bxc5 20. Rfe1 Rfe8 21. Re4 Qe7 22. f4 Qd6 23. Rae1 f6 24. Qc3 a4 25. fxe5 fxe5 26. Rxe5 Rf8 27. Re7 Rf7 28. Rxf7 Kxf7 29. Qf3+ Qf6 30. Qxf6+ gxf6 31. Re6 Rd8 32. Kf2 b5 33. Rc6 Ke7 34. Rxc5 bxc4 35. Rc7+ Kd6 36. Rxc4 Ke5 37. Rxa4 Rxd5 38. Ke3 f5 39. h4 Rc5 40. Rd4 Rc1 41. Rd2 f4+ 42. Kf3 Rf1+ 43. Rf2 Re1 44. Re2+ 1-0

[Event "Aragon-chT Preferente"]
[Site "Spain"]
[Date "2010.02.06"]
[Round "3.51"]
[White "Yanez Acin, Gonzalo"]
[Black "Garcia Andres, Daniel"]
[Result "0-1"]
[WhiteElo "1895"]
[BlackElo "1980"]
[PlyCount "122"]
[EventDate "2010.01.23"]
[EventType "team-swiss"]
[EventRounds "12"]
[EventCountry "ESP"]
[SourceTitle "EXT 2013"]
[Source "ChessBase"]
[SourceDate "2012.11.22"]
[SourceVersion "1"]
[SourceVersionDate "2012.11.22"]
[SourceQuality "1"]
[WhiteTeam "Casino Jaque"]
[BlackTeam "St Casablanca IV"]
[WhiteTeamCountry "ESP"]
[BlackTeamCountry "ESP"]

1. e4 e5 2. Nf3 Nc6 3. Bc4 Bc5 4. c3 Nf6 5. d3 a6 6. 0-0 0-0 7. Bg5 Be7 8. a4 d6 9. h3 Be6 10. Nbd2 d5 11. Bxf6 Bxf6 12. exd5 Bxd5 13. Qe2 Re8 14. Bxd5 Qxd5 15. Rfd1 Rad8 16. Ne4 Be7 17. Ng3 Bc5 18. Qe4 h6 19. b4 Ba7 20. b5 axb5 21. axb5 Qxb5 22. Rab1 Qc5 23. Rxb7 Bb6 24. Rxb6 cxb6 25. Rb1 Re6 26. Ne2 Ne7 27. Ne1 Nd5 28. c4 Nf6 29. Qe3 e4 30. Nf4 Qxe3 31. fxe3 Rc6 32. d4 Rdd6 33. Rb4 Nd7 34. Nc2 Nb8 35. Na3 Na6 36. Ra4 Nc7 37. Ne2 Rd8 38. Nc3 Ra8 39. Rxa8+ Nxa8 40. Nxe4 Re6 41. Nc3 Rxe3 42. Nab5 Nc7 43. Kf2 Nxb5 44. Nxb5 Rb3 45. Ke2 Kf8 46. Kd2 Ke7 47. Nc3 Rb2+ 48. Ke3 Rxg2 49. Nd5+ Kd6 50. Nxb6 Rg3+ 51. Ke4 Rxh3 52. c5+ Kc6 53. Nc8 Rh4+ 54. Ke3 g5 55. Ne7+ Kb5 56. c6 Kb6 57. d5 Kc7 58. Nf5 Rf4 59. Nd4 Kd6 60. Kd3 Kxd5 61. c7 Rxd4+ 0-1

[Event "Aragon-chT"]
[Site "Aragon"]
[Date "2009.02.07"]
[Round "3"]
[White "Minguez Guinda, Andres"]
[Black "Yanez Acin, Gonzalo"]
[Result "0-1"]
[WhiteElo "1942"]
[BlackElo "1907"]
[PlyCount "74"]
[EventDate "2009.01.24"]
[EventType "team-swiss"]
[EventRounds "9"]
[EventCountry "ESP"]
[SourceTitle "EXT 2011"]
[Source "ChessBase"]
[SourceDate "2010.11.26"]
[SourceVersion "1"]
[SourceVersionDate "2010.11.26"]
[SourceQuality "1"]

1. e4 Nf6 2. e5 Nd5 3. d4 d6 4. f4 Bf5 5. c4 Nb6 6. Nc3 dxe5 7. fxe5 e6 8. Nf3 Be7 9. Be3 0-0 10. Be2 Bh4+ 11. g3 Be7 12. 0-0 Nc6 13. a3 f6 14. Nh4 Bh3 15. Bg4 Bxg4 16. Qxg4 f5 17. Nxf5 Rxf5 18. d5 Nxe5 19. Qe4 Nbxc4 20. Bf4 Bc5+ 21. Kh1 Qf6 22. dxe6 Qxe6 23. Qxb7 Raf8 24. Rfe1 Qc6+ 25. Qxc6 Nxc6 26. Ne4 Nxb2 27. Bxc7 Bd4 28. Rab1 Nd3 29. Red1 Nf2+ 30. Nxf2 Rxf2 31. Rbc1 Ne5 32. Rxd4 Nf3 33. g4 Nxd4 34. Bg3 Ne2 35. Rc7 Nxg3+ 36. hxg3 Ra2 37. Kg1 Rb8 0-1

[Event "Calvia Veterans op 4th"]
[Site "Calvia"]
[Date "2007.10.19"]
[Round "5"]
[White "Alonso Perez, Jose Ramon"]
[Black "Yanez Acin, Gonzalo"]
[Result "1/2-1/2"]
[WhiteElo "2041"]
[BlackElo "1962"]
[PlyCount "38"]
[EventDate "2007.10.15"]
[EventType "swiss"]
[EventRounds "9"]
[EventCountry "ESP"]
[SourceTitle "CBM 120 Extra"]
[Source "ChessBase"]
[SourceDate "2007.11.01"]
[SourceVersion "1"]
[SourceVersionDate "2007.11.01"]
[SourceQuality "1"]

1. d4 Nf6 2. c4 e5 3. dxe5 Ng4 4. e4 Nxe5 5. Be2 Bc5 6. Nf3 Nxf3+ 7. Bxf3 0-0 8. 0-0 Nc6 9. g3 d6 10. Nc3 Ne5 11. Bg2 Bg4 12. Qc2 Qd7 13. Nd5 c6 14. Ne3 Bf3 15. Nf5 Qe6 16. b3 g6 17. Nh4 Bxg2 18. Kxg2 Bd4 19. Rb1 Rfe8 1/2-1/2

[Event "Oviedo op"]
[Site "Oviedo"]
[Date "2007.07.22"]
[Round "2"]
[White "Yanez Acin, Gonzalo"]
[Black "Ortiz Fernandez, Vega Alejandro"]
[Result "0-1"]
[WhiteElo "1958"]
[BlackElo "2178"]
[PlyCount "84"]
[EventDate "2007.07.21"]
[EventType "swiss"]
[EventRounds "9"]
[EventCountry "ESP"]
[SourceTitle "EXT 2008"]
[Source "ChessBase"]
[SourceDate "2007.11.25"]
[SourceVersion "1"]
[SourceVersionDate "2007.11.25"]
[SourceQuality "1"]

1. e4 c5 2. Nf3 d6 3. d4 cxd4 4. Nxd4 Nf6 5. Nc3 g6 6. Bb5+ Bd7 7. Bxd7+ Nbxd7 8. 0-0 Bg7 9. Be3 0-0 10. h3 Nc5 11. Qf3 a6 12. Nb3 Nxb3 13. cxb3 b5 14. Rfd1 Qc7 15. Bd4 Qb7 16. Qe2 Rac8 17. Nd5 Nxd5 18. Bxg7 Nf4 19. Qe3 Nxh3+ 20. gxh3 Kxg7 21. Rac1 Rxc1 22. Rxc1 Rc8 23. Rc3 Rc5 24. f3 Qc8 25. Kg2 Rxc3 26. bxc3 Qc5 27. Qd2 h5 28. h4 Qe5 29. Qd3 Qf4 30. Kh3 g5 31. hxg5 Qxg5 32. Qd4+ Kg6 33. Qf2 f5 34. exf5+ Qxf5+ 35. Kg2 Qc5 36. Qe1 Kf6 37. f4 Qd5+ 38. Kg3 Qd3+ 39. Kh4 Qf3 40. Qg1 Qxf4+ 41. Kxh5 Qf5+ 42. Kh4 Qh7+ 0-1

[Event "Aragon-chT Autonomico"]
[Site "Aragon"]
[Date "2007.03.10"]
[Round "7"]
[White "Lara Pueyo, Felix"]
[Black "Yanez Acin, Gonzalo"]
[Result "1-0"]
[WhiteElo "1875"]
[BlackElo "1982"]
[PlyCount "39"]
[EventDate "2007.01.27"]
[EventType "team"]
[EventRounds "9"]
[EventCountry "ESP"]
[SourceTitle "EXT 2008"]
[Source "ChessBase"]
[SourceDate "2007.11.25"]
[SourceVersion "1"]
[SourceVersionDate "2007.11.25"]
[SourceQuality "1"]
[WhiteTeam "Pena Santa Isabel"]
[BlackTeam "Casino Jaque"]
[WhiteTeamCountry "ESP"]
[BlackTeamCountry "ESP"]

1. e4 Nf6 2. e5 Nd5 3. d4 d6 4. c4 Nb6 5. f4 dxe5 6. fxe5 Bf5 7. Nf3 e6 8. Bd3 Bg4 9. 0-0 Be7 10. Nc3 c6 11. Ne4 0-0 12. Kh1 f5 13. exf6 gxf6 14. Bh6 Rf7 15. Qe1 Kh8 16. Nfg5 Qg8 17. Nxf7+ Qxf7 18. Ng5 Qg8 19. Qe4 Bf5 20. Rxf5 1-0

[Event "Aragon-chT Autonomico"]
[Site "Aragon"]
[Date "2007.02.24"]
[Round "5"]
[White "Yanez Acin, Gonzalo"]
[Black "Gayan Carceller, Miguel Angel"]
[Result "1-0"]
[WhiteElo "1982"]
[BlackElo "1917"]
[PlyCount "119"]
[EventDate "2007.01.27"]
[EventType "team"]
[EventRounds "9"]
[EventCountry "ESP"]
[SourceTitle "EXT 2008"]
[Source "ChessBase"]
[SourceDate "2007.11.25"]
[SourceVersion "1"]
[SourceVersionDate "2007.11.25"]
[SourceQuality "1"]
[WhiteTeam "Casino Jaque"]
[BlackTeam "Aragon ONCE"]
[WhiteTeamCountry "ESP"]
[BlackTeamCountry "ESP"]

1. e4 e6 2. d4 d5 3. Nd2 Nf6 4. e5 Nfd7 5. Bd3 c5 6. c3 b6 7. Ne2 Be7 8. 0-0 0-0 9. Nf3 Bb7 10. Be3 Nc6 11. Rc1 Rc8 12. Bb1 Ba6 13. Re1 Re8 14. a3 Na5 15. Qc2 Nf8 16. Ba2 Nc4 17. Bxc4 Bxc4 18. Qd1 Ng6 19. Nd2 Bxe2 20. Qxe2 Bg5 21. Nf3 Be7 22. g3 c4 23. h4 Nf8 24. Kg2 b5 25. Bg5 a5 26. Ra1 Ra8 27. Bd2 Qb6 28. Reb1 Ra6 29. Ne1 Rea8 30. Nc2 Nd7 31. Qg4 Nb8 32. h5 Nc6 33. Bh6 Bf8 34. Bxg7 Bxg7 35. h6 Kf8 36. Qxg7+ Ke7 37. Qxh7 Qd8 38. Qg7 Qh8 39. Qxh8 Rxh8 40. Rh1 Rh7 41. g4 f6 42. f4 Ra8 43. exf6+ Kxf6 44. Ne3 Ne7 45. g5+ Kg6 46. Rae1 Rf8 47. Kg3 Re8 48. Ng4 Ng8 49. Ne5+ Kf5 50. Nf3 Kg6 51. Re5 Kf7 52. Rhe1 Ne7 53. Nh4 Rhh8 54. Kg4 Nc6 55. R5e2 Nd8 56. Nf3 Nc6 57. Ne5+ Nxe5+ 58. Rxe5 Rhg8 59. f5 exf5+ 60. Kxf5 1-0

[Event "Aragon-chT Autonomico"]
[Site "Aragon"]
[Date "2007.02.03"]
[Round "2"]
[White "Garcia Vicente, Nieves"]
[Black "Yanez Acin, Gonzalo"]
[Result "1-0"]
[WhiteElo "2207"]
[BlackElo "1982"]
[PlyCount "75"]
[EventDate "2007.01.27"]
[EventType "team"]
[EventRounds "9"]
[EventCountry "ESP"]
[SourceTitle "EXT 2008"]
[Source "ChessBase"]
[SourceDate "2007.11.25"]
[SourceVersion "1"]
[SourceVersionDate "2007.11.25"]
[SourceQuality "1"]
[WhiteTeam "Tamarite"]
[BlackTeam "Casino Jaque"]
[WhiteTeamCountry "ESP"]
[BlackTeamCountry "ESP"]

1. d4 Nf6 2. c4 e5 3. dxe5 Ng4 4. Bf4 Nc6 5. Nf3 Bb4+ 6. Nbd2 Qe7 7. e3 Ngxe5 8. Nxe5 Nxe5 9. Be2 0-0 10. 0-0 Bxd2 11. Qxd2 d6 12. Rfd1 b6 13. b4 Bb7 14. Qc3 a5 15. c5 axb4 16. cxd6 cxd6 17. Qxb4 Ba6 18. Bxa6 Rxa6 19. Qxd6 Qxd6 20. Rxd6 Ng6 21. Bg3 Rfa8 22. Rd2 h5 23. h3 Nf8 24. Bd6 Ne6 25. Rc2 Ra4 26. a3 g6 27. Rb1 R4a6 28. Rc6 b5 29. Rbc1 Kh7 30. Bb4 Rxc6 31. Rxc6 Rb8 32. Kf1 Rb7 33. Ke2 Nc7 34. Rd6 Ne6 35. Rd5 Kg7 36. Kd2 Kf6 37. h4 Nf8 38. Bxf8 1-0

[Event "Autonomico Seniors op 6th"]
[Site "Spain"]
[Date "2007.??.??"]
[Round "6"]
[White "Edeso Perez, Francisco"]
[Black "Yanez Acin, Gonzalo"]
[Result "0-1"]
[WhiteElo "1825"]
[BlackElo "1980"]
[PlyCount "76"]
[EventDate "2007.??.??"]
[EventType "swiss"]
[EventRounds "9"]
[EventCountry "ESP"]
[SourceTitle "EXT 2010"]
[Source "ChessBase"]
[SourceDate "2010.11.25"]
[SourceVersion "1"]
[SourceVersionDate "2010.11.25"]
[SourceQuality "1"]

1. d4 Nf6 2. Nf3 d5 3. c4 c6 4. Nc3 dxc4 5. e3 b5 6. a4 b4 7. Na2 e6 8. Bxc4 Bb7 9. Bd2 a5 10. Be2 Nbd7 11. Rc1 Bd6 12. 0-0 0-0 13. h3 Rc8 14. Ne1 Ne4 15. f3 Nxd2 16. Qxd2 c5 17. Bb5 Nb6 18. b3 Bd5 19. Qb2 c4 20. e4 c3 21. Qc2 Bc6 22. Bd3 Bf4 23. Rd1 Qxd4+ 24. Kh1 Rcd8 25. Nc1 Qf6 26. Ne2 Nd7 27. g3 Be3 28. Ng2 Bb6 29. Nef4 Qg5 30. Kh2 Bc7 31. Qf2 Qc5 32. Qe2 Ne5 33. Bc2 g6 34. Ne3 Rxd1 35. Rxd1 Rd8 36. Nd3 Nxd3 37. Rxd3 Rxd3 38. Bxd3 Bb6 0-1

[Event "Autonomico Seniors op 6th"]
[Site "Spain"]
[Date "2007.??.??"]
[Round "5"]
[White "Yanez Acin, Gonzalo"]
[Black "Gimeno Royo, Jose Andres"]
[Result "1-0"]
[WhiteElo "1980"]
[BlackElo "1785"]
[PlyCount "43"]
[EventDate "2007.??.??"]
[EventType "swiss"]
[EventRounds "9"]
[EventCountry "ESP"]
[SourceTitle "EXT 2010"]
[Source "ChessBase"]
[SourceDate "2010.11.25"]
[SourceVersion "1"]
[SourceVersionDate "2010.11.25"]
[SourceQuality "1"]

1. e4 g6 2. d4 Bg7 3. Nc3 c5 4. dxc5 Qa5 5. Bd2 Qxc5 6. Nd5 Nc6 7. Nc7+ Kd8 8. Nxa8 Bxb2 9. Rb1 Bd4 10. Nh3 d6 11. Rb5 Qa3 12. Ng5 Qxa2 13. Qb1 Qxb1+ 14. Rxb1 Nh6 15. Bc4 Ne5 16. Be2 f6 17. Nf3 Nxf3+ 18. Bxf3 Ng4 19. Bxg4 Bxg4 20. Rxb7 Bc8 21. Ba5+ Ke8 22. Nc7+ 1-0

[Event "Calvia Seniors op"]
[Site "Calvia"]
[Date "2006.10.20"]
[Round "1"]
[White "Yanez Acin, Gonzalo"]
[Black "Suba, Mihai"]
[Result "0-1"]
[WhiteElo "1988"]
[BlackElo "2535"]
[PlyCount "74"]
[EventDate "2006.10.20"]
[EventType "swiss"]
[EventRounds "9"]
[EventCountry "ESP"]
[SourceTitle "EXT 2007"]
[Source "ChessBase"]
[SourceDate "2006.11.23"]
[SourceVersion "1"]
[SourceVersionDate "2006.11.23"]
[SourceQuality "1"]

1. e4 c5 2. Nf3 d6 3. Bb5+ Nc6 4. 0-0 Bd7 5. c3 a6 6. Be2 Nf6 7. a4 e5 8. Na3 Be7 9. d3 0-0 10. Nc4 h6 11. Re1 Qc7 12. Ne3 b5 13. b3 Rfb8 14. axb5 axb5 15. Bb2 Rxa1 16. Qxa1 Qb7 17. h3 Be6 18. Nd2 Ra8 19. Qb1 Ra5 20. g4 Ne8 21. Qc2 Qa7 22. Rb1 Bg5 23. Ndf1 Ra2 24. Bd1 Nf6 25. Qe2 b4 26. Qe1 bxc3 27. Bxc3 h5 28. Kg2 hxg4 29. hxg4 Qd7 30. Rb2 Rxb2 31. Bxb2 Nxg4 32. Nxg4 Bxg4 33. Bxg4 Qxg4+ 34. Ng3 Nb4 35. Qc3 Qd1 36. Nf5 Nxd3 37. f3 Nf4+ 0-1

[Event "Calvia op Seniors"]
[Site "Calvia"]
[Date "2005.10.26"]
[Round "7"]
[White "Yanez Acin, Gonzalo"]
[Black "Forteza Valls, Jose Maria"]
[Result "1/2-1/2"]
[WhiteElo "1995"]
[BlackElo "2165"]
[PlyCount "34"]
[EventDate "2005.10.21"]
[EventType "swiss"]
[EventRounds "9"]
[EventCountry "ESP"]
[SourceTitle "EXT 2006"]
[Source "ChessBase"]
[SourceDate "2005.11.24"]
[SourceVersion "1"]
[SourceVersionDate "2005.11.24"]
[SourceQuality "1"]

1. e4 e6 2. d4 d5 3. Nd2 f5 4. exd5 exd5 5. Ngf3 Bd6 6. c4 Nf6 7. cxd5 Nxd5 8. Nc4 c6 9. Be2 0-0 10. a3 Qc7 11. Bd2 Nd7 12. Rc1 N7f6 13. Nfe5 Be6 14. 0-0 Ne4 15. Ba5 Qe7 16. f3 Nef6 17. Re1 Bd7 1/2-1/2

[Event "Calvia op Seniors"]
[Site "Calvia"]
[Date "2005.10.21"]
[Round "1"]
[White "Yanez Acin, Gonzalo"]
[Black "Simon Padros, Emili"]
[Result "1/2-1/2"]
[WhiteElo "1995"]
[BlackElo "2287"]
[PlyCount "130"]
[EventDate "2005.10.21"]
[EventType "swiss"]
[EventRounds "9"]
[EventCountry "ESP"]
[SourceTitle "EXT 2006"]
[Source "ChessBase"]
[SourceDate "2005.11.24"]
[SourceVersion "1"]
[SourceVersionDate "2005.11.24"]
[SourceQuality "1"]

1. e4 e6 2. d4 d5 3. Nd2 Nf6 4. e5 Nfd7 5. Bd3 c5 6. c3 Nc6 7. Ne2 cxd4 8. cxd4 Nb6 9. 0-0 Bd7 10. Nf3 a5 11. a3 a4 12. Bd2 Nc4 13. Bc3 b5 14. Nd2 Be7 15. Re1 N6a5 16. Rc1 Qb6 17. Bc2 0-0 18. Nxc4 bxc4 19. Bb1 Nb3 20. Qc2 g6 21. Rcd1 Rab8 22. g3 Rfc8 23. h4 Qd8 24. Kg2 Qf8 25. h5 Qh6 26. hxg6 fxg6 27. Rh1 Qg5 28. Nf4 Rf8 29. Rh5 Na1 30. Rxg5 Nxc2 31. Rg4 Nxa3 32. Bxg6 hxg6 33. Nxg6 Kf7 34. Rh1 Rg8 35. Rh7+ Rg7 36. Rxg7+ Kxg7 37. Nxe7+ Kf7 38. bxa3 Kxe7 39. Rg7+ Kd8 40. Ba5+ Kc8 41. Rg8+ Kb7 42. Rxb8+ Kxb8 43. f4 Kc8 44. g4 Bb5 45. f5 Kd7 46. Kf3 Ke7 47. Kf4 Kf7 48. Kg5 Bd7 49. Bb4 Kg7 50. f6+ Kf7 51. Kh6 c3 52. Bxc3 Bb5 53. Kg5 Bd3 54. Kf4 Bg6 55. Ke3 Bc2 56. Kd2 Be4 57. Ba5 Bb1 58. Kc3 Be4 59. Kb4 Bc2 60. Kc5 Bd3 61. Bb4 Bc2 62. Kd6 Bd3 63. g5 Bc2 64. Kd7 Bd3 65. Kd8 Bc2 1/2-1/2

[Event "Villagarcia de Arosa op"]
[Site "Villagarcia de Arosa"]
[Date "2005.08.01"]
[Round "1"]
[White "Manolache, Marius"]
[Black "Yanez Acin, Gonzalo"]
[Result "1-0"]
[WhiteElo "2462"]
[BlackElo "1995"]
[PlyCount "65"]
[EventDate "2005.08.01"]
[EventType "swiss"]
[EventRounds "9"]
[EventCountry "ESP"]
[SourceTitle "CBM 107 Extra"]
[Source "ChessBase"]
[SourceDate "2005.09.01"]
[SourceVersion "1"]
[SourceVersionDate "2005.09.01"]
[SourceQuality "1"]

1. d4 Nf6 2. Nf3 d5 3. c4 e6 4. Nc3 c6 5. g3 h6 6. Bg2 Bb4 7. 0-0 0-0 8. Qc2 Nbd7 9. Rd1 Qe7 10. a3 Bxc3 11. Qxc3 Re8 12. Ne5 Nf8 13. b4 Bd7 14. c5 Ne4 15. Bxe4 dxe4 16. Nc4 Rad8 17. Bf4 Bc8 18. Nd6 Ng6 19. Nxe8 Nxf4 20. gxf4 Qxe8 21. Kh1 Rd5 22. Rg1 g6 23. Rg3 Qd8 24. Rag1 Qf6 25. e3 Rh5 26. R1g2 Bd7 27. Qc2 Qf5 28. Qa4 a6 29. Qa5 Qd5 30. Qd8+ Kg7 31. Rxg6+ fxg6 32. Qe7+ Kh8 33. Qf6+ 1-0

[Event "Autonomico-chT"]
[Site "Aragon"]
[Date "2005.03.19"]
[Round "8.35"]
[White "Yanez Acin, Gonzalo"]
[Black "Gaston Cabello, Jorge Luis"]
[Result "0-1"]
[WhiteElo "1985"]
[BlackElo "1959"]
[PlyCount "66"]
[EventDate "2005.01.22"]
[EventType "team"]
[EventRounds "12"]
[EventCountry "ESP"]
[SourceTitle "EXT 2006"]
[Source "ChessBase"]
[SourceDate "2005.11.24"]
[SourceVersion "1"]
[SourceVersionDate "2005.11.24"]
[SourceQuality "1"]

1. e4 d5 2. exd5 Nf6 3. d4 Nxd5 4. c4 Nb4 5. a3 N4c6 6. Be3 e6 7. Nf3 Nd7 8. Nc3 g6 9. Qd2 Bg7 10. Bh6 0-0 11. Be2 e5 12. Bxg7 Kxg7 13. d5 Na5 14. Rd1 Nb3 15. Qe3 Re8 16. Ne4 f5 17. Neg5 Ndc5 18. 0-0 Qf6 19. Ne6+ Bxe6 20. dxe6 f4 21. Qc3 Rxe6 22. Nd2 Nd4 23. Bg4 h5 24. Rfe1 hxg4 25. Qa5 b6 26. Qc3 Rae8 27. Ne4 Nxe4 28. Rxe4 f3 29. Kf1 fxg2+ 30. Kxg2 Qf3+ 31. Qxf3 gxf3+ 32. Kg3 Kf6 33. b4 Ne2+ 0-1

[Event "Autonomico-chT"]
[Site "Aragon"]
[Date "2005.03.12"]
[Round "7.42"]
[White "Labrador Postigo, Francisco Manuel"]
[Black "Yanez Acin, Gonzalo"]
[Result "0-1"]
[WhiteElo "2041"]
[BlackElo "1985"]
[PlyCount "64"]
[EventDate "2005.01.22"]
[EventType "team"]
[EventRounds "12"]
[EventCountry "ESP"]
[SourceTitle "EXT 2006"]
[Source "ChessBase"]
[SourceDate "2005.11.24"]
[SourceVersion "1"]
[SourceVersionDate "2005.11.24"]
[SourceQuality "1"]

1. d4 Nf6 2. Nf3 d5 3. g3 c6 4. Bg2 e6 5. 0-0 Nbd7 6. c4 Bd6 7. Nc3 0-0 8. Bg5 h6 9. Bxf6 Nxf6 10. c5 Bc7 11. b4 Bd7 12. h3 Qe7 13. Qc2 Rfd8 14. Rab1 Be8 15. b5 cxb5 16. Nxb5 Rdc8 17. Rfc1 Bb8 18. Qb3 Bc6 19. Nc3 Bc7 20. e3 g5 21. Nb5 Bb8 22. Ne5 Bxe5 23. dxe5 Nd7 24. Nd6 Rcb8 25. Qc3 f6 26. f4 Qg7 27. exf6 Qxf6 28. fxg5 Qxg5 29. Rb4 h5 30. g4 Ne5 31. gxh5 d4 32. Qd2 Nf3+ 0-1

[Event "Autonomico-chT"]
[Site "Aragon"]
[Date "2005.02.12"]
[Round "3.63"]
[White "Yanez Acin, Gonzalo"]
[Black "Solanas Gracia, Lara"]
[Result "1-0"]
[WhiteElo "1985"]
[BlackElo "1614"]
[PlyCount "61"]
[EventDate "2005.01.22"]
[EventType "team"]
[EventRounds "12"]
[EventCountry "ESP"]
[SourceTitle "EXT 2006"]
[Source "ChessBase"]
[SourceDate "2005.11.24"]
[SourceVersion "1"]
[SourceVersionDate "2005.11.24"]
[SourceQuality "1"]

1. e4 e5 2. Nf3 Nc6 3. Bc4 Bc5 4. c3 Nf6 5. d3 d6 6. b4 Bb6 7. a4 a6 8. 0-0 Bg4 9. h3 Bh5 10. Nbd2 Qd7 11. Qc2 0-0 12. Bb3 Rfe8 13. a5 Ba7 14. Ba3 d5 15. Rad1 Rad8 16. Kh2 b6 17. Ba4 b5 18. Bb3 Qe7 19. g4 Bg6 20. g5 Nh5 21. Bxd5 Nxa5 22. Ra1 Nf4 23. bxa5 Qd7 24. Ng1 c6 25. Ba2 Qxd3 26. Qxd3 Rxd3 27. Nb3 Bxe4 28. Bc5 Bb8 29. Rfe1 Bg2 30. Be3 Be4 31. Nc5 1-0

[Event "Autonomico-chT"]
[Site "Aragon"]
[Date "2005.01.22"]
[Round "1.43"]
[White "Sarto Ramos, Angel"]
[Black "Yanez Acin, Gonzalo"]
[Result "1-0"]
[WhiteElo "2070"]
[BlackElo "1985"]
[PlyCount "83"]
[EventDate "2005.01.22"]
[EventType "team"]
[EventRounds "12"]
[EventCountry "ESP"]
[SourceTitle "EXT 2006"]
[Source "ChessBase"]
[SourceDate "2005.11.24"]
[SourceVersion "1"]
[SourceVersionDate "2005.11.24"]
[SourceQuality "1"]

1. d4 d5 2. Nf3 Nf6 3. Bf4 Bg4 4. Nbd2 e6 5. h3 Bh5 6. c3 Bd6 7. Ne5 Bxe5 8. dxe5 Nfd7 9. g4 Bg6 10. Bg3 c5 11. Bg2 Nc6 12. f4 h6 13. e4 d4 14. Nc4 0-0 15. 0-0 b5 16. Nd6 Qb6 17. c4 a6 18. a4 b4 19. b3 Na5 20. Qf3 f6 21. exf6 Rxf6 22. e5 Rff8 23. f5 Bh7 24. Rab1 Ra7 25. Rb2 Qd8 26. Qf4 Nb6 27. Be4 Kh8 28. f6 g5 29. Qf3 Nc8 30. Bxh7 Nxd6 31. Bb1 Nc8 32. Qe4 Qe8 33. h4 Rg8 34. Rbf2 Qf7 35. Bc2 Nb6 36. Rh2 Rd8 37. hxg5 d3 38. Rxh6+ Kg8 39. Bxd3 Rxd3 40. Qxd3 Rd7 41. Qe4 Rd4 42. Qh1 1-0